[Event "Casino"]
[Site "Barcelona ESP"]
[Date "2007.10.22"]
[Round "5"]
[White "Narciso Dublan, M."]
[Black "Fluvia, J."]
[Result "1-0"]
[WhiteElo "2546"]
[BlackElo "2508"]
[PlyCount "93"]
[EventDate "2007.10.18"]
[SourceDate "1999.07.01"]

1. e4 e5 2. Nf3 Nc6 3. Bc4 Nf6 4. Ng5 d5 5. exd5 Na5 6. Bb5+ c6 7. dxc6 bxc6 8.
Be2 h6 9. Nh3 Bc5 10. d3 O-O 11. O-O Nb7 12. Nc3 Bb6 13. Kh1 Nd6 14. Ng1 Nd5
15. Na4 Bc7 16. c4 Ne7 17. b3 Ndf5 18. Ba3 Re8 19. Bh5 Nd4 20. Nf3 Nef5 21. Nd2
Ne6 22. Ne4 Nfd4 23. Nac3 Nf4 24. Bb2 Bf5 25. g3 Nxh5 26. Qxh5 Bg6 27. Qd1 f5
28. Nd2 Ne6 29. Qe2 Nc5 30. Rad1 Nxd3 31. Nf3 e4 32. Nh4 Bh7 33. f3 Qg5 34. Ba1
f4 35. fxe4 Nc5 36. Nf3 Qh5 37. gxf4 Nxe4 38. Qg2 Nf6 39. Rg1 Re7 40. Ne5 Bxe5
41. fxe5 Nd7 42. Nd5 cxd5 43. Qxd5+ Qf7 44. Qxa8+ Re8 45. e6 Qxe6 46. Rxg7+ Kf8
47. Qf3+ 1-0

[Event "5th DA Tan Malaysian Open"]
[Site "Kuala Lumpur MAS"]
[Date "2008.08.20"]
[Round "5"]
[White "Li Chao2"]
[Black "Irwanto, S."]
[Result "1-0"]
[WhiteElo "2590"]
[BlackElo "2453"]
[PlyCount "69"]
[EventDate "2008.08.18"]
[SourceDate "1999.07.01"]

1. e4 e5 2. Nf3 Nc6 3. Bc4 Nf6 4. Ng5 d5 5. exd5 Na5 6. Bb5+ c6 7. dxc6 bxc6 8.
Qf3 Rb8 9. Bd3 h6 10. Ne4 Nd5 11. b3 g6 12. Bb2 Bg7 13. Qg3 Qc7 14. Ba3 Bf8 15.
c4 Bxa3 16. cxd5 Be7 17. Nbc3 O-O 18. O-O Kg7 19. Rfe1 Re8 20. Rac1 f5 21. Nb5
Rxb5 22. Bxb5 fxe4 23. Bxc6 Rf8 24. Be8 Qd6 25. Rxc8 Rf4 26. Qc3 Qxd5 27. b4 e3
28. dxe3 Rxb4 29. Rc7 Rb7 30. e4 Qd6 31. Rc1 Rxc7 32. Qxc7 Kf8 33. Qxa5 Kxe8
34. Qxa7 Qd2 35. Qa8+ 1-0

[Event "I EDAMI-Cosmocaixa"]
[Site "Barcelona ESP"]
[Date "2008.09.09"]
[Round "2"]
[White "Llaneza Vega, M."]
[Black "Gonzalez Garcia, J2."]
[Result "0-1"]
[WhiteElo "2468"]
[BlackElo "2506"]
[PlyCount "54"]
[EventDate "2008.09.08"]
[SourceDate "1999.07.01"]

1. e4 e5 2. Nf3 Nc6 3. Bc4 Nf6 4. Ng5 d5 5. exd5 Na5 6. Bb5+ c6 7. dxc6 bxc6 8.
Be2 h6 9. Nf3 e4 10. Ne5 Bc5 11. f4 Nd5 12. d4 exd3 13. Nxd3 Bb6 14. Na3 O-O
15. c4 Ne3 16. Bxe3 Bxe3 17. b4 Qd4 18. bxa5 Qc3+ 19. Kf1 Qxa3 20. Qe1 Rd8 21.
Rd1 Bf5 22. Ne5 Bc2 23. Rxd8+ Rxd8 24. h4 Bd2 25. Qa1 Qg3 26. Rh3 Qxf4+ 27. Kg1
Be3+ 0-1

[Event "MCF GM"]
[Site "Kuala Lumpur MAS"]
[Date "2008.08.29"]
[Round "4"]
[White "Mas, H."]
[Black "Iuldachev, S."]
[Result "0-1"]
[WhiteElo "2386"]
[BlackElo "2520"]
[PlyCount "58"]
[EventDate "2008.08.26"]
[SourceDate "1999.07.01"]

1. e4 e5 2. Nf3 Nc6 3. Bc4 Nf6 4. Ng5 d5 5. exd5 Na5 6. Bb5+ c6 7. dxc6 bxc6 8.
Qf3 Be7 9. Bxc6+ Nxc6 10. Qxc6+ Bd7 11. Qc4 O-O 12. Nc3 Rc8 13. Qe2 h6 14. Nf3
e4 15. Nxe4 Nxe4 16. Qxe4 Bb5 17. a4 Re8 18. axb5 Bd6 19. Qxe8+ Qxe8+ 20. Kd1
Qxb5 21. Ne1 Re8 22. d3 Qh5+ 23. f3 Qe5 24. Bd2 Qxb2 25. Rc1 Ba3 26. c3 Qb3+
27. Rc2 Qb1+ 28. Bc1 Bxc1 29. Rxc1 Rxe1+ 0-1

[Event "VII Open"]
[Site "Ortigueira ESP"]
[Date "2008.08.13"]
[Round "4"]
[White "Dimitrov, Vl"]
[Black "Guerra Bastida, D."]
[Result "1/2-1/2"]
[WhiteElo "2450"]
[BlackElo "2402"]
[PlyCount "81"]
[EventDate "2008.08.10"]
[SourceDate "1999.07.01"]

1. e4 e5 2. Nf3 Nc6 3. Bc4 Nf6 4. Ng5 d5 5. exd5 Na5 6. Bb5+ Bd7 7. Qe2 Be7 8.
Nf3 Bxb5 9. Qxb5+ c6 10. dxc6 Nxc6 11. Nxe5 O-O 12. Nxc6 bxc6 13. Qf5 Re8 14.
O-O Qb6 15. d3 Nd5 16. Nd2 Nb4 17. c3 Nc2 18. Rb1 g6 19. Qf3 Bh4 20. Nc4 Ne1
21. Qd1 Qd8 22. Rxe1 Rxe1+ 23. Qxe1 Qxd3 24. Bh6 Qxc4 25. Qe5 f6 26. Qc7 Bxf2+
27. Kh1 Qf7 28. Qxc6 Re8 29. Rf1 Bb6 30. c4 Bd4 31. b4 g5 32. h3 Qe6 33. Qxe6+
Rxe6 34. Rd1 Re4 35. c5 Kf7 36. c6 Bb6 37. a3 Re8 38. h4 Kg6 39. hxg5 fxg5 40.
Rd6+ Kh5 41. g3 1/2-1/2

[Event "2nd Open"]
[Site "Gap FRA"]
[Date "2008.04.16"]
[Round "5"]
[White "Ninov, N."]
[Black "Okhotnik, V."]
[Result "1-0"]
[WhiteElo "2509"]
[BlackElo "2462"]
[PlyCount "103"]
[EventDate "2008.04.14"]
[SourceDate "1999.07.01"]

1. e4 e5 2. Nf3 Nc6 3. Bc4 Nf6 4. Ng5 d5 5. exd5 Na5 6. Bb5+ Bd7 7. Qe2 Be7 8.
Nf3 e4 9. Ne5 O-O 10. Nxd7 Nxd7 11. Bxd7 Qxd7 12. Qxe4 Rfe8 13. O-O Bf6 14. Qd3
Rad8 15. Nc3 c5 16. Ne4 Bd4 17. Ng5 h6 18. Qh7+ Kf8 19. Nf3 Qxd5 20. Nxd4 cxd4
21. Qh8+ Ke7 22. Qxg7 Rg8 23. Re1+ Kd7 24. Re5 Qf3 25. gxf3 Rxg7+ 26. Kf1 Rg5
27. Rxg5 hxg5 28. d3 Rh8 29. Kg2 Nc6 30. h3 Nd8 31. f4 gxf4 32. Bxf4 Ne6 33.
Bd2 Rh5 34. Kg3 Rb5 35. Rb1 b6 36. h4 Ke7 37. Kg4 Kf6 38. h5 Kg7 39. a4 Rc5 40.
Rc1 Kh7 41. b4 Rd5 42. Re1 a5 43. f4 axb4 44. Bxb4 Rd8 45. f5 Rg8+ 46. Kf3 Ng5+
47. Kf4 f6 48. Re7+ Kh6 49. Rb7 Rc8 50. Kg4 Ra8 51. Bd2 Rxa4 52. Rf7 1-0

[Event "50th It"]
[Site "Reggio Emilia ITA"]
[Date "2008.01.04"]
[Round "7"]
[White "Ni Hua"]
[Black "Almasi, Z."]
[Result "1/2-1/2"]
[WhiteElo "2641"]
[BlackElo "2691"]
[PlyCount "63"]
[EventDate "2007.12.29"]
[SourceDate "1999.07.01"]

1. e4 e5 2. Nf3 Nc6 3. Bc4 Nf6 4. Ng5 d5 5. exd5 Na5 6. Bb5+ c6 7. dxc6 bxc6 8.
Be2 h6 9. Nh3 Bd6 10. d3 O-O 11. Nc3 Rb8 12. O-O Nb7 13. Kh1 Nc5 14. Ng1 Qc7
15. Be3 Ne6 16. Rb1 Nd5 17. Nxd5 cxd5 18. c4 dxc4 19. dxc4 e4 20. Qd5 Bb7 21.
Qf5 g6 22. Qh3 h5 23. Rfd1 Be5 24. c5 Qe7 25. Bc4 Bc8 26. Bh6 Re8 27. Qe3 Qxc5
28. Qxe4 Rxb2 29. Rd5 Bb7 30. Rxc5 Bxe4 31. Rxb2 Nxc5 32. Re2 1/2-1/2

[Event "Vasylyshyn Mem"]
[Site "Lviv UKR"]
[Date "2008.10.23"]
[Round "4"]
[White "Grekh, A."]
[Black "Vovk, A."]
[Result "0-1"]
[WhiteElo "2391"]
[BlackElo "2488"]
[PlyCount "114"]
[EventDate "2008.10.21"]
[SourceDate "1999.07.01"]

1. e4 e5 2. Nf3 Nc6 3. Bc4 Nf6 4. Ng5 d5 5. exd5 Na5 6. Bb5+ c6 7. dxc6 bxc6 8.
Qf3 Qc7 9. Bd3 h6 10. Ne4 Nd5 11. Ng3 g6 12. Nc3 Nf4 13. b3 h5 14. h3 Bb7 15.
Nge2 Nxd3+ 16. Qxd3 Rd8 17. Qg3 Bg7 18. Ba3 c5 19. Na4 O-O 20. Nxc5 Ba8 21.
O-O-O Rc8 22. Nc3 Rfd8 23. Rhe1 Nc6 24. Qg5 Nd4 25. N5e4 Qa5 26. Bb2 Qa6 27.
Kb1 Rd7 28. f3 Qe6 29. Rf1 f5 30. Nf2 a5 31. Qe3 a4 32. Rc1 axb3 33. cxb3 Qd6
34. Na4 Rb8 35. Nc5 Re7 36. Rfe1 Rbe8 37. Qd3 Kh7 38. Bxd4 e4 39. fxe4 Bxd4 40.
Na4 fxe4 41. Qe2 e3 42. dxe3 Rxe3 43. Qd2 Rxe1 44. Rxe1 Rxe1+ 45. Qxe1 Bxg2 46.
Nc3 Bg7 47. Qe3 Qf6 48. Kb2 Qf5 49. a4 Qa5 50. Nfd1 Qb4 51. Qd3 Qh4 52. a5 Bxh3
53. a6 Bg2 54. Ne3 Ba8 55. Nc4 Qf6 56. Nd6 h4 57. Ndb5 Qxa6 0-1

[Event "Vasylyshyn Mem"]
[Site "Lviv UKR"]
[Date "2008.10.23"]
[Round "4"]
[White "Zherebukh, Y."]
[Black "Kravtsiv, M."]
[Result "1-0"]
[WhiteElo "2473"]
[BlackElo "2549"]
[PlyCount "71"]
[EventDate "2008.10.21"]
[SourceDate "1999.07.01"]

1. e4 e5 2. Nf3 Nc6 3. Bc4 Nf6 4. Ng5 d5 5. exd5 Na5 6. Bb5+ c6 7. dxc6 bxc6 8.
Qf3 Rb8 9. Bd3 Be7 10. b3 O-O 11. Bb2 h6 12. Ne4 Nxe4 13. Qxe4 f5 14. Qe2 Bf6
15. Nc3 Re8 16. O-O-O Be6 17. Ba6 e4 18. Kb1 c5 19. d3 Nc6 20. dxe4 Qa5 21. Bc4
Rb4 22. Bxe6+ Rxe6 23. Qh5 Ne7 24. e5 Bxe5 25. Rhe1 Rbb6 26. Nd5 Nxd5 27. Rxe5
Rxe5 28. Bxe5 c4 29. Qe8+ Kh7 30. Qd7 Nc3+ 31. Bxc3 Qxc3 32. Qxf5+ Rg6 33. Rd6
Qe1+ 34. Kb2 c3+ 35. Ka3 Qc1+ 36. Ka4 1-0

[Event "Vasylyshyn Mem"]
[Site "Lviv UKR"]
[Date "2008.10.25"]
[Round "6"]
[White "Zherebukh, Y."]
[Black "Vovk, A."]
[Result "1-0"]
[WhiteElo "2473"]
[BlackElo "2488"]
[PlyCount "71"]
[EventDate "2008.10.21"]
[SourceDate "1999.07.01"]

1. e4 e5 2. Nf3 Nc6 3. Bc4 Nf6 4. Ng5 d5 5. exd5 Na5 6. Bb5+ c6 7. dxc6 bxc6 8.
Qf3 Be7 9. Bxc6+ Nxc6 10. Qxc6+ Bd7 11. Qf3 O-O 12. O-O Ng4 13. h3 Nxf2 14.
Qxf2 Bxg5 15. Nc3 Qa5 16. d4 Bxc1 17. Raxc1 Qb4 18. d5 Qxb2 19. Ne4 Qxa2 20. c4
Qa5 21. c5 Bb5 22. Rfe1 Bd3 23. Nd6 f6 24. Red1 Bg6 25. c6 Qc7 26. Nb7 Be4 27.
d6 Qc8 28. d7 Qc7 29. d8=Q Raxd8 30. Rxd8 Rxd8 31. Nxd8 Qxd8 32. c7 Qc8 33.
Qa2+ Kf8 34. Qa3+ Kf7 35. Qb3+ Kg6 36. Qb8 1-0

[Event "Vasylyshyn Mem"]
[Site "Lviv UKR"]
[Date "2008.10.31"]
[Round "15"]
[White "Oleksienko, M."]
[Black "Leniart, A."]
[Result "1-0"]
[WhiteElo "2585"]
[BlackElo "2368"]
[PlyCount "99"]
[EventDate "2008.10.21"]
[SourceDate "1999.07.01"]

1. e4 e5 2. Nf3 Nc6 3. Bc4 Nf6 4. Ng5 d5 5. exd5 Na5 6. Bb5+ c6 7. dxc6 bxc6 8.
Qf3 Rb8 9. Bd3 Bd6 10. Nc3 Bg4 11. Qe3 Nd5 12. Nxd5 cxd5 13. Qxa7 Qxg5 14. Qxa5
Be6 15. Bb5+ Ke7 16. Qa7+ Kf6 17. Bf1 d4 18. c4 Rhc8 19. d3 Bb4+ 20. Kd1 Qf5
21. f3 Bd7 22. a3 Bc6 23. axb4 Ra8 24. Be2 Rxa7 25. Rxa7 Qe6 26. Ke1 Ra8 27.
Rxa8 Bxa8 28. b5 Qe7 29. Bd2 Qa7 30. Kf2 Qa2 31. Bc1 Qb3 32. Re1 Kg6 33. g4 f5
34. gxf5+ Kxf5 35. Rg1 Qc2 36. b4 Qc3 37. h4 g6 38. Bh6 Kf6 39. Rb1 g5 40.
Bxg5+ Kg6 41. Rg1 Kf7 42. Bh6 Qxb4 43. Rg7+ Kf6 44. Ra7 e4 45. fxe4 Bxe4 46.
dxe4 Ke5 47. Bg5 h6 48. Re7+ Kd6 49. e5+ Kc5 50. Re6 1-0

[Event "British Rapid"]
[Site "Halifax ENG"]
[Date "2008.11.30"]
[Round "10"]
[White "Eggleston, D."]
[Black "Howell, D."]
[Result "0-1"]
[WhiteElo "2368"]
[BlackElo "2593"]
[PlyCount "86"]
[EventDate "2008.11.29"]
[SourceDate "1999.07.01"]

1. e4 e5 2. Nf3 Nc6 3. Bc4 Nf6 4. Ng5 d5 5. exd5 Na5 6. Bb5+ c6 7. dxc6 bxc6 8.
Qf3 Rb8 9. Bxc6+ Nxc6 10. Qxc6+ Nd7 11. d3 Be7 12. Nf3 Rb6 13. Qe4 Bb7 14. Qe2
Rg6 15. Rg1 Qa8 16. Nbd2 O-O 17. c3 Nc5 18. Kd1 e4 19. Ne1 Ba6 20. Nxe4 Nxd3
21. Qe3 Rd8 22. Nd2 Bc5 23. Qf3 Nxf2+ 24. Kc2 Bb7 25. Qe2 Ne4 26. Rf1 Nxd2 27.
Bxd2 Rxg2 28. Nxg2 Bxg2 29. Rf4 Qd5 30. Re1 h6 31. Bc1 Qc6 32. b4 Bb6 33. Kb2
Bd5 34. c4 Be6 35. Kb1 Bc7 36. b5 Qc5 37. Rf3 Bxc4 38. Qb2 Bd3+ 39. Rxd3 Rxd3
40. Bxh6 Rd4 41. Be3 Qf5+ 42. Ka1 Re4 43. Rg1 Be5 0-1

[Event "TCh-SLO"]
[Site "Murska Sobota SLO"]
[Date "2008.12.12"]
[Round "7"]
[White "Sermek, D."]
[Black "Krstic, U."]
[Result "0-1"]
[WhiteElo "2535"]
[BlackElo "2379"]
[PlyCount "90"]
[EventDate "2008.12.06"]
[SourceDate "1999.07.01"]

1. e4 e5 2. Nf3 Nc6 3. Bc4 Nf6 4. Ng5 d5 5. exd5 Na5 6. Bb5+ c6 7. dxc6 bxc6 8.
Be2 h6 9. Nf3 e4 10. Ne5 Bc5 11. c3 Nb7 12. d4 exd3 13. Qxd3 Qc7 14. Nc4 O-O
15. O-O Re8 16. b4 Bf8 17. Be3 c5 18. Nba3 Bd7 19. Bf3 Rad8 20. Rac1 Ng4 21. g3
Nxe3 22. Nxe3 Bh3 23. Qa6 Bxf1 24. Rxf1 Nd6 25. Nd5 Qc8 26. Qxa7 Ne4 27. Nb6
Qf5 28. Bxe4 Rxe4 29. Qc7 Rd2 30. Nac4 Rxa2 31. b5 Re1 32. Qf4 Rxf1+ 33. Kxf1
Qh3+ 34. Ke1 Qxh2 35. Nd2 Qh1+ 36. Ke2 Qb7 37. Nbc4 Qxb5 38. Qe4 Qa6 39. Ke3
Qf6 40. Qd3 Qe6+ 41. Kf3 Qc6+ 42. Ke3 Ra1 43. Ke2 Qh1 44. Qd7 Rc1 45. Kd3 Qe1
0-1

[Event "4NCL 2008-9"]
[Site "Hinckley Island ENG"]
[Date "2008.12.06"]
[Round "3"]
[White "Eggleston, D."]
[Black "Howell, D."]
[Result "0-1"]
[WhiteElo "2368"]
[BlackElo "2593"]
[PlyCount "80"]
[EventDate "2008.10.04"]
[SourceDate "1999.07.01"]

1. e4 e5 2. Nf3 Nc6 3. Bc4 Nf6 4. Ng5 d5 5. exd5 Na5 6. Bb5+ c6 7. dxc6 bxc6 8.
Qf3 Rb8 9. Bd3 Bd6 10. Nc3 Bg4 11. Qg3 e4 12. Qe3 O-O 13. Be2 Re8 14. Nh3 Bf5
15. b3 Nd5 16. Nxd5 cxd5 17. Bb2 Nc6 18. Qg5 Qxg5 19. Nxg5 d4 20. Bc4 Re7 21.
h4 Nb4 22. O-O-O h6 23. Nh3 d3 24. cxd3 Nxd3+ 25. Bxd3 exd3 26. Kb1 a5 27. Rde1
Re2 28. g4 Bxg4 29. Reg1 Bf5 30. Rxg7+ Kf8 31. Rgg1 a4 32. Bg7+ Ke7 33. Bxh6
axb3 34. a3 Rc8 35. Nf4 Rc2 36. Re1 Kd7 37. Rhg1 Rexd2 38. Bg7 Bxf4 39. Bf6 Re2
40. Rd1 Rc1+ 0-1

[Event "Open A"]
[Site "Moscow RUS"]
[Date "2009.02.07"]
[Round "8"]
[White "Vorobiov, E."]
[Black "Kabanov, N."]
[Result "1/2-1/2"]
[WhiteElo "2591"]
[BlackElo "2502"]
[PlyCount "112"]
[EventDate "2009.01.31"]
[SourceDate "1999.07.01"]

1. e4 e5 2. Nf3 Nc6 3. Bc4 Nf6 4. Ng5 d5 5. exd5 Na5 6. Bb5+ c6 7. dxc6 bxc6 8.
Qf3 Rb8 9. Bd3 Be7 10. Nc3 O-O 11. O-O Rb4 12. Qe2 Rg4 13. Nge4 Nh5 14. Ng3 Nf4
15. Qxe5 Nxd3 16. cxd3 Bd6 17. Qe3 f5 18. Qf3 Rf4 19. Qd1 Rh4 20. b4 f4 21.
Nce4 Bxb4 22. Qa4 Be7 23. Bb2 fxg3 24. fxg3 Rxf1+ 25. Rxf1 Rh6 26. Bc3 Nb7 27.
Qxa7 Qxd3 28. Qb8 Qxe4 29. Qxc8+ Nd8 30. Qd7 Bc5+ 31. Kh1 Qe7 32. Qf5 Qf7 33.
g4 Qxf5 34. gxf5 Rd6 35. Rf4 Rd5 36. g4 Be7 37. Rd4 Rxd4 38. Bxd4 Bb4 39. Bc3
Bxc3 40. dxc3 Kf7 41. Kg2 Kf6 42. Kf3 Ke5 43. a4 Nb7 44. Ke3 Na5 45. h3 Nc4+
46. Kf3 Na5 47. Ke3 Nb3 48. Kf3 c5 49. Ke3 c4 50. h4 h5 51. gxh5 Kxf5 52. Kf3
Na5 53. Kg3 Nc6 54. Kf3 Na5 55. Kg3 Nb7 56. Kf3 Na5 1/2-1/2

[Event "22nd North American Open"]
[Site "Las Vegas USA"]
[Date "2012.12.29"]
[Round "8.3"]
[White "Shankland, S."]
[Black "Hammer, J."]
[Result "1-0"]
[WhiteElo "2595"]
[BlackElo "2633"]
[PlyCount "57"]
[EventDate "2012.12.26"]
[EventType "swiss"]
[SourceDate "1999.07.01"]

1. e4 e5 2. Nf3 Nc6 3. Bc4 Nf6 4. Ng5 d5 5. exd5 Na5 6. Bb5+ c6 7. dxc6 bxc6 8.
Bd3 Nd5 9. Nf3 Bd6 10. O-O Nf4 11. Re1 Nxd3 12. cxd3 O-O 13. Nc3 f6 14. b3 Ba6
15. d4 exd4 16. Nxd4 Bxh2+ 17. Kxh2 Qxd4 18. Ba3 c5 19. Qf3 Bb7 20. Qf5 Rfe8
21. Nb5 Qh4+ 22. Kg1 g6 23. Qh3 Qxh3 24. gxh3 Rxe1+ 25. Rxe1 Nc6 26. Nd6 Ba6
27. Bxc5 Ne5 28. Re3 Nd3 29. b4 1-0

[Event "Doroshkevicha Mem Open 2012"]
[Site "Sochi RUS"]
[Date "2012.11.29"]
[Round "4"]
[White "Landa, K."]
[Black "Lastin, A."]
[Result "1/2-1/2"]
[WhiteElo "2640"]
[BlackElo "2530"]
[PlyCount "52"]
[EventDate "2012.11.26"]
[SourceDate "1999.07.01"]

1. e4 e5 2. Nf3 Nc6 3. Bc4 Nf6 4. Ng5 d5 5. exd5 Na5 6. Bb5+ c6 7. dxc6 bxc6 8.
Bd3 Nd5 9. h4 Nf4 10. Bf1 h6 11. Nf3 Bd6 12. d4 Bg4 13. dxe5 Bxe5 14. Qxd8+
Rxd8 15. Nbd2 Bc7 16. b4 O-O 17. bxa5 Rfe8+ 18. Kd1 Bxa5 19. Rb1 Bb6 20. Ba3
Bxf2 21. Bd3 Nxd3 22. cxd3 Rxd3 23. Rb3 Rd5 24. Rc3 c5 25. Rf1 Bd4 26. Rc4 h5
1/2-1/2

[Event "12th Puhajarve Rapid 2012"]
[Site "Puhajarve EST"]
[Date "2012.11.23"]
[Round "8.1"]
[White "Short, N."]
[Black "Sepp, O."]
[Result "1-0"]
[WhiteElo "2692"]
[BlackElo "2446"]
[PlyCount "75"]
[EventDate "2012.11.23"]
[SourceDate "1999.07.01"]

1. e4 e5 2. Nf3 Nc6 3. Bc4 Nf6 4. Ng5 d5 5. exd5 Na5 6. Bb5+ c6 7. dxc6 bxc6 8.
Qf3 Be7 9. Bd3 h6 10. Ne4 Nd5 11. Ng3 g6 12. O-O Nb4 13. Re1 Nxd3 14. cxd3 O-O
15. Rxe5 Bb7 16. Nc3 c5 17. Nge4 Nc6 18. Rxe7 Qxe7 19. Qe3 Nd4 20. Qxh6 Rfe8
21. b3 Rad8 22. Bb2 Ba6 23. h4 Bxd3 24. f3 Qe5 25. Qg5 Qxg5 26. hxg5 Re5 27.
Re1 Kf8 28. Kf2 Nc2 29. Rh1 Ke7 30. Na4 Rxe4 31. Bf6+ Kd6 32. fxe4 Re8 33. e5+
Kd5 34. Rh7 Nb4 35. Rxf7 Nxa2 36. Rd7+ Ke4 37. Nxc5+ Kf5 38. Rxd3 1-0

[Event "9th Vasylyshyn Mem GM"]
[Site "Lviv UKR"]
[Date "2012.11.22"]
[Round "3"]
[White "Sivuk, V."]
[Black "Yildiz, B."]
[Result "1-0"]
[WhiteElo "2482"]
[BlackElo "2379"]
[PlyCount "61"]
[EventDate "2012.11.20"]
[EventType "tourn"]
[SourceDate "1999.07.01"]

1. e4 e5 2. Nf3 Nc6 3. Bc4 Nf6 4. Ng5 d5 5. exd5 Na5 6. Bb5+ Bd7 7. Qe2 Be7 8.
Nf3 e4 9. Ne5 c6 10. dxc6 bxc6 11. Ba4 O-O 12. Nc3 Re8 13. b3 Bc5 14. Nxd7 Qxd7
15. h3 Nb7 16. Bb2 Bd4 17. O-O-O Nc5 18. Qc4 Bxf2 19. Rhf1 e3 20. Rxf2 exf2 21.
Qxc5 Qxd2+ 22. Rxd2 f1=Q+ 23. Rd1 Re1 24. Qxc6 Rd8 25. Qf3 Qg1 26. Bc6 h6 27.
a4 a5 28. Ba1 Rdxd1+ 29. Nxd1 Qc5 30. Bxf6 gxf6 31. Qg3+ 1-0

[Event "TCh-CZE Extraliga 2012-13"]
[Site "Czech Republic CZE"]
[Date "2012.11.03"]
[Round "1.3"]
[White "Yemelin, V."]
[Black "Jirka, J."]
[Result "0-1"]
[WhiteElo "2574"]
[BlackElo "2411"]
[PlyCount "96"]
[EventDate "2012.11.03"]
[SourceDate "1999.07.01"]
[WhiteTeam "Vystaviste Lysa nad Labem"]
[BlackTeam "TJ Bohemians Praha"]

1. e4 e5 2. Nf3 Nc6 3. Bc4 Nf6 4. Ng5 d5 5. exd5 Na5 6. Bb5+ c6 7. dxc6 bxc6 8.
Bd3 h6 9. Ne4 Nd5 10. O-O g6 11. b3 f5 12. Ng3 Bg7 13. Bb2 O-O 14. Re1 Qc7 15.
Na3 c5 16. Nc4 Nc6 17. Ne3 Nb6 18. Bc4+ Nxc4 19. Nxc4 f4 20. Ne4 f3 21. gxf3
Nd4 22. Bxd4 exd4 23. d3 Rf4 24. Kh1 Rh4 25. Ng3 Bb7 26. Qe2 Rf8 27. Qe6+ Kh7
28. Ne5 Rf6 29. Qd7 Qb8 30. Kg1 Rhf4 31. Re2 Bc8 32. Qe8 Re6 33. Nc6 Rxe8 34.
Nxb8 Rxe2 35. Nxe2 Rxf3 36. Nc6 Bd7 37. Nxa7 Rf8 38. Ng3 Ra8 39. Re1 Rxa7 40.
Re7 Kg8 41. a4 Bf6 42. Re1 Kf7 43. Ne4 Be7 44. f4 Bc6 45. Kg2 c4 46. bxc4 Rxa4
47. Kg3 Ra2 48. Nf2 h5 0-1

[Event "US Chess League 2012"]
[Site "ICC INT"]
[Date "2012.10.24"]
[Round "8"]
[White "Molner, M."]
[Black "Becerra Rivero, J."]
[Result "1-0"]
[WhiteElo "2489"]
[BlackElo "2555"]
[PlyCount "79"]
[EventDate "2012.09.04"]
[SourceDate "1999.07.01"]
[WhiteTeam "Arizona"]
[BlackTeam "Miami"]

1. e4 e5 2. Nf3 Nc6 3. Bc4 Nf6 4. Ng5 d5 5. exd5 Na5 6. Bb5+ c6 7. dxc6 bxc6 8.
Bd3 Nd5 9. Nf3 Bd6 10. O-O Nf4 11. Nc3 O-O 12. Re1 Nxd3 13. cxd3 Re8 14. b3 c5
15. Ne4 Nc6 16. Bb2 Bg4 17. h3 Bh5 18. Rc1 Nb4 19. g4 Bg6 20. Nxd6 Qxd6 21.
Nxe5 f6 22. a3 fxe5 23. axb4 cxb4 24. Qf3 Rad8 25. Rc6 Qxd3 26. Qxd3 Rxd3 27.
Re3 e4 28. Rc7 Bf7 29. Rxd3 exd3 30. Rxa7 g5 31. Rd7 Bg6 32. Bd4 Re1+ 33. Kg2
Rb1 34. f3 Rxb3 35. Rg7+ Kf8 36. Rb7 Ke8 37. Bc5 Kd8 38. Bxb4 Kc8 39. Rb5 Kd7
40. Rd5+ 1-0

[Event "40th Olympiad Open"]
[Site "Istanbul TUR"]
[Date "2012.09.05"]
[Round "8.12"]
[White "Socko, B."]
[Black "Stevic, H."]
[Result "1/2-1/2"]
[WhiteElo "2635"]
[BlackElo "2614"]
[PlyCount "173"]
[EventDate "2012.08.28"]
[SourceDate "1999.07.01"]
[WhiteTeam "Poland"]
[BlackTeam "Croatia"]
[WhiteTeamCountry "LES"]
[BlackTeamCountry "FRM"]

1. e4 e5 2. Nf3 Nc6 3. Bc4 Nf6 4. Ng5 d5 5. exd5 Na5 6. Bb5+ c6 7. dxc6 bxc6 8.
Be2 h6 9. Nh3 Be7 10. d3 O-O 11. O-O Rb8 12. Kh1 c5 13. Nc3 Qc7 14. f4 Nc6 15.
fxe5 Nxe5 16. b3 Bb7 17. Qe1 Ng6 18. Bf3 Bxf3 19. Rxf3 Rfe8 20. Qf1 Ng4 21. Bf4
Nxf4 22. Nxf4 Qe5 23. Re1 Qxc3 24. Nd5 Qxe1 25. Qxe1 Bd6 26. Qc1 Nxh2 27. Rf4
Re5 28. c4 Rh5 29. Kg1 Re8 30. Re4 Rxe4 31. dxe4 Ng4 32. Qa3 Re5 33. Nc3 Re6
34. Qxa7 Rf6 35. e5 Bxe5 36. Qa8+ Kh7 37. Qe4+ g6 38. Qxg4 Bxc3 39. Qe4 Rf5 40.
g4 Bd4+ 41. Kg2 Rf2+ 42. Kg3 Rxa2 43. b4 Ra3+ 44. Kg2 Ra2+ 45. Kf3 Ra3+ 46. Kf4
Bf6 47. Qb7 Bg5+ 48. Ke4 Re3+ 49. Kd5 Re7 50. Qb8 cxb4 51. c5 Bf6 52. c6 Kg7
53. Qb7 Re5+ 54. Kc4 Bd8 55. Qc8 Ba5 56. Qb8 Rg5 57. Kb3 Rd5 58. Ka4 h5 59. Qb7
Rc5 60. Qe7 Rxc6 61. Qe5+ Kh7 62. Kxa5 hxg4 63. Qf4 Kg7 64. Qxg4 Re6 65. Kxb4
Kg8 66. Kc5 Kg7 67. Kd5 Kg8 68. Qg3 Kg7 69. Qb8 Re2 70. Kd4 Re1 71. Kd3 Re6 72.
Qc8 Re7 73. Kd4 Re6 74. Kd5 Re3 75. Kd6 Re6+ 76. Kd7 Re3 77. Qc4 Re6 78. Qc2
Kg8 79. Qc3 Kh7 80. Qb2 Kg8 81. Qb8+ Kg7 82. Qc8 Re3 83. Qc5 Re6 84. Qc3+ Kg8
85. Qh3 Kg7 86. Qh4 Kg8 87. Qd8+ 1/2-1/2

[Event "40th Olympiad Open"]
[Site "Istanbul TUR"]
[Date "2012.09.07"]
[Round "10.19"]
[White "Jurcik, Mari"]
[Black "Kizov, A."]
[Result "1/2-1/2"]
[WhiteElo "2486"]
[BlackElo "2418"]
[PlyCount "92"]
[EventDate "2012.08.28"]
[SourceDate "1999.07.01"]
[WhiteTeam "Slovakia"]
[BlackTeam "FYROM"]
[WhiteTeamCountry "GE2"]

1. e4 e5 2. Nf3 Nc6 3. Bc4 Nf6 4. Ng5 d5 5. exd5 Na5 6. Bb5+ c6 7. dxc6 bxc6 8.
Bd3 Nd5 9. Nf3 Bd6 10. O-O Nf4 11. Re1 Nxd3 12. cxd3 O-O 13. Nc3 f6 14. d4 exd4
15. Ne4 Be7 16. d3 Qd5 17. Qa4 Rd8 18. b4 Nb7 19. Bb2 Bd7 20. Qa6 Bxb4 21. Qxb7
Bxe1 22. Rxe1 Rdb8 23. Qc7 Rxb2 24. Nd6 Be6 25. Qe7 Bf7 26. Nxd4 Rbb8 27. Nxc6
Rb6 28. Nd8 h6 29. N6xf7 Kh7 30. h3 Qxd3 31. Ne6 Rg8 32. Nf8+ Rxf8 33. Qxf8 Rb1
34. Rxb1 Qxb1+ 35. Kh2 Qxa2 36. f3 Qe6 37. h4 h5 38. Nd6 Qe5+ 39. Kh3 Qe6+ 40.
Kg3 Qe1+ 41. Kh3 Qh1+ 42. Kg3 Qe1+ 43. Kh3 Qh1+ 44. Kg3 Qe1+ 45. Kh3 Qh1+ 46.
Kg3 Qe1+ 1/2-1/2

[Event "12th World Uni Men"]
[Site "Guimaraes POR"]
[Date "2012.08.21"]
[Round "4.3"]
[White "Tomczak, J."]
[Black "Matinian, N."]
[Result "1-0"]
[WhiteElo "2560"]
[BlackElo "2438"]
[PlyCount "85"]
[EventDate "2012.08.20"]
[SourceDate "1999.07.01"]

1. e4 e5 2. Nf3 Nc6 3. Bc4 Nf6 4. Ng5 d5 5. exd5 Na5 6. Bb5+ c6 7. dxc6 bxc6 8.
Bd3 Nd5 9. Nf3 Bd6 10. O-O O-O 11. Re1 Qc7 12. c4 Nf4 13. Bf1 Ng6 14. Nc3 Be6
15. d3 Rad8 16. Ng5 Bc8 17. Qh5 h6 18. Nge4 Be7 19. Rb1 Nb7 20. b4 a6 21. g3
Be6 22. Na4 Rfe8 23. Be3 Rb8 24. Bh3 Nf8 25. f4 Bxh3 26. Qxh3 Nd6 27. Nec5 exf4
28. Nxa6 Qb7 29. N4c5 Qb6 30. Nxb8 fxe3 31. Nbd7 Nxd7 32. Qxd7 Bf8 33. a4 e2
34. a5 Qb8 35. Qg4 f5 36. Qf3 Nf7 37. Qxf5 Re5 38. Qf2 Ng5 39. Kh1 Qe8 40. Rb2
Nh3 41. Qg2 Qh5 42. Rbxe2 Rg5 43. Ne6 1-0

[Event "Husek Vienna Open A"]
[Site "Vienna AUT"]
[Date "2012.08.17"]
[Round "5"]
[White "Saric, Iv"]
[Black "Buhmann, R."]
[Result "1/2-1/2"]
[WhiteElo "2638"]
[BlackElo "2571"]
[PlyCount "55"]
[EventDate "2012.08.13"]
[SourceDate "1999.07.01"]

1. e4 e5 2. Nf3 Nc6 3. Bc4 Nf6 4. Ng5 d5 5. exd5 Na5 6. Bb5+ c6 7. dxc6 bxc6 8.
Bd3 Nd5 9. Nf3 Nf4 10. O-O Nxd3 11. cxd3 Bd6 12. b4 Nb7 13. Qc2 O-O 14. Bb2 c5
15. bxc5 Nxc5 16. Bxe5 Bb7 17. d4 Bxf3 18. Bxd6 Ne6 19. Be5 Qg5 20. Bg3 Nxd4
21. Qc4 Ne2+ 22. Kh1 Rac8 23. Qh4 Qd5 24. Qh3 Be4 25. Nc3 Nxc3 26. dxc3 Rxc3
27. f3 Bf5 28. Qh4 1/2-1/2